| 000 | 00607nam a2200193 i 4500 | ||
|---|---|---|---|
| 001 | 75664 | ||
| 003 | ES-MaACL | ||
| 005 | 20230906172536.0 | ||
| 007 | t| | ||
| 008 | 040927s1915 sp ||||1| spa d | ||
| 100 | 1 |
_aGrasshof, Richard. _959704 |
|
| 245 | 1 | 3 |
_aLa culpa de Bélgica _b: contestación al profesor Waxweiler / _cRichard Grasshof. |
| 260 |
_a[Barcelona : _bs.n., _c1915] ( _fImp. Moderna) |
||
| 300 |
_a45 p. ; _c18 cm. |
||
| 650 | 0 | 4 |
_aNeutralidad- _zBélgica. _915536 |
| 650 | 4 |
_aGuerra mundial, 1914-1918- _zBélgica. _9158946 |
|
| 852 |
_aES-MaACL _j1489-F-16 |
||
| 852 |
_aES-MaACL _j1497-F-6 |
||
| 999 |
_c75664 _d75664 |
||